000
00341nam a2200145Ia 4500
008
191201s1990 xx 000 0 und d
082
_a
539.7
100
_a
NERSESOV, E A
245
0
_a
Fundamentals of Atomic and Nuclear Physics
250
_a
1st
260
_a
Moscow
_b
Mir Pub
_c
1990
300
_a
399
650
_a
Applied
942
_2
ddc
_c
BK
999
_c
588
_d
588